000
00318nam a22001337a 4500
008
170620b xxu||||| |||| 00| 0 eng d
020
_a
0137804954
041
_a
eng
080
_a
32
100
_a
20
101
_a
SHP
245
_a
EVOLUTION EVOLUTION GORBACHEV AND SOVIET POLITICS
_c
CROUCH.M
942
_2
udc
_c
BK
999
_c
18225
_d
18225